<?xml version="1.0" encoding="UTF-8"?>
<record
    xmlns:xsi="http://www.w3.org/2001/XMLSchema-instance"
    xsi:schemaLocation="http://www.loc.gov/MARC21/slim http://www.loc.gov/standards/marcxml/schema/MARC21slim.xsd"
    xmlns="http://www.loc.gov/MARC21/slim">

  <leader>00447nam a2200169Ia 4500</leader>
  <controlfield tag="008">230718s9999    xx            000 0 und d</controlfield>
  <datafield tag="020" ind1=" " ind2=" ">
    <subfield code="a">9789351191506</subfield>
  </datafield>
  <datafield tag="041" ind1=" " ind2=" ">
    <subfield code="a">eng</subfield>
  </datafield>
  <datafield tag="082" ind1=" " ind2=" ">
    <subfield code="a">005.74</subfield>
    <subfield code="b">HOL</subfield>
  </datafield>
  <datafield tag="100" ind1=" " ind2=" ">
    <subfield code="a">Holmes A.</subfield>
    <subfield code="9">112534</subfield>
  </datafield>
  <datafield tag="245" ind1=" " ind2=" ">
    <subfield code="a">Hadoop In Practice</subfield>
  </datafield>
  <datafield tag="260" ind1=" " ind2=" ">
    <subfield code="c">2013</subfield>
    <subfield code="b">Manning / Dreamtech</subfield>
  </datafield>
  <datafield tag="300" ind1=" " ind2=" ">
    <subfield code="a">511</subfield>
  </datafield>
  <datafield tag="365" ind1=" " ind2=" ">
    <subfield code="c">Rs.</subfield>
    <subfield code="b">699.00</subfield>
  </datafield>
  <datafield tag="700" ind1=" " ind2=" ">
    <subfield code="a">Holmes A.</subfield>
    <subfield code="9">112534</subfield>
  </datafield>
  <datafield tag="906" ind1=" " ind2=" ">
    <subfield code="d">O:0400808-Jul-2014B:374510-Apr-2014</subfield>
    <subfield code="c">COMP</subfield>
    <subfield code="b">174.75</subfield>
  </datafield>
  <datafield tag="999" ind1=" " ind2=" ">
    <subfield code="c">336804</subfield>
    <subfield code="d">336804</subfield>
  </datafield>
  <datafield tag="952" ind1=" " ind2=" ">
    <subfield code="0">0</subfield>
    <subfield code="1">0</subfield>
    <subfield code="4">0</subfield>
    <subfield code="7">0</subfield>
    <subfield code="a">CCEP</subfield>
    <subfield code="b">CCEP</subfield>
    <subfield code="d">2014-07-08</subfield>
    <subfield code="e">Om Book Stall</subfield>
    <subfield code="f">COMP</subfield>
    <subfield code="g">524.25</subfield>
    <subfield code="i">3745</subfield>
    <subfield code="l">1</subfield>
    <subfield code="o">005.74</subfield>
    <subfield code="p">CCEP-BK-48011</subfield>
    <subfield code="q">2026-08-29</subfield>
    <subfield code="r">2026-03-02 10:43:37</subfield>
    <subfield code="s">2026-03-02</subfield>
    <subfield code="t">174.75</subfield>
    <subfield code="v">699.00</subfield>
    <subfield code="w">2014-04-10</subfield>
    <subfield code="y">BK</subfield>
    <subfield code="z">048011</subfield>
  </datafield>
</record>
